[Event "76. LJUBLJANSKA SAHOVSKA LIGA 2024"]
[Site "gostovanja"]
[Date "2024.03.21"]
[Round "6.8"]
[White "Mihic, Peter"]
[Black "Konvalinka, Kostja"]
[Result "1/2-1/2"]
[WhiteElo "1196"]
[BlackElo "1682"]
[PlyCount "32"]
[EventDate "2024.01.18"]
[WhiteTeam "SD KOCEVJE"]
[BlackTeam "SK TRZIN"]

1. e4 c5 2. Nf3 d6 3. Bb5+ Bd7 4. Bxd7+ Qxd7 5. O-O Nc6 6. c3 Nf6 7. Re1 e6 8.
d4 cxd4 9. cxd4 Be7 10. Nc3 O-O 11. Bf4 Nh5 12. Be3 Nf6 13. Bf4 Nh5 14. Be3 Nf6
15. Bf4 Nh5 16. Be3 Nf6 1/2-1/2

[Event "76. LJUBLJANSKA SAHOVSKA LIGA 2024"]
[Site "gostovanja"]
[Date "2024.03.21"]
[Round "6.8"]
[White "Banko, Franci"]
[Black "Levstik, Taja"]
[Result "1-0"]
[WhiteElo "1396"]
[BlackElo "1192"]
[PlyCount "47"]
[EventDate "2024.01.18"]
[WhiteTeam "SK TRZIN"]
[BlackTeam "SD KOCEVJE"]

1. e4 c5 2. Nf3 e6 3. d4 cxd4 4. Nxd4 a6 5. a4 Qc7 6. Bd3 Nf6 7. f4 Bc5 8. c3
b6 9. b4 Bxd4 10. cxd4 Bb7 11. d5 exd5 12. e5 Ne4 13. Bxe4 dxe4 14. O-O Nc6 15.
Ba3 Ne7 16. Qd2 Qc6 17. Nc3 e3 18. Qb2 Nf5 19. Rac1 Nd4 20. Nb5 Qe4 21. Nd6+
Ke7 22. Nxe4 Nf5 23. Nd6 Nxd6 24. exd6+ 1-0